| 000 | 00664nam a2200229Ia 4500 | ||
|---|---|---|---|
| 003 | OSt | ||
| 005 | 20220918214152.0 | ||
| 006 | a|||||r|||| 00| 0 | ||
| 007 | ta | ||
| 008 | 220917b |||||||| |||| 00| 0 eng d | ||
| 024 | _a136,089 | ||
| 037 | _cTextual | ||
| 040 |
_aARTS _cARTS _beng |
||
| 041 |
_2eng _aeng |
||
| 082 | _aX9:294.722, K5 | ||
| 100 |
_aRay D Michael _9130033 |
||
| 245 | 0 |
_aMarket potential and economics shadow _b A quantitative analysis of industrial location in Southern Ontario |
|
| 260 |
_aNA _bNA _c1965 |
||
| 650 | _aECONOMICS | ||
| 942 |
_hX9:294.722, K5 _cTEXL _2CC |
||
| 999 |
_c259179 _d259179 |
||